000 01182nas a22002657a 4500
001 K1212
007 ta
008 200326b2020 ||||| |||| 00| 0 eng d
041 _aeng
100 _aClancy, Vincent
245 _aWe're building something special
260 _c2020
490 _aRICS Modus
_vFebruary 2020, 10-16(7)
520 _aUrbanisation, digitisation and climate change are changing how and where people live, work and travel. This is redefining the role of the surveyor and the limits of the profession. Three industry leaders look at there they think this is going to go. Laura Potter of Workplace for the Future and Arcadis, looks at the effects of data and technology, Caroline Williams of Open Programmes at Said Business School looks at what talent and skills will be needed and Jason McLannan creator of the Living Building Challenge looks at how we value sustainability.
650 _aCITIES
650 _aSUSTAINABILITY
650 _aDATA
650 _aPROPTECH
650 _aCLIMATE CHANGE
651 _aUnited Kingdom
690 _96238
_aEnvironment
700 _aPotter, Laura
700 _aWilliams, Caroline
700 _aMcLennan, Jason
999 _c121242
_d121242